=LDR 00000nam 2200000 4500 =001 INLIS000000000019523 =005 20130612114555 =008 ***********************************Ind** =035 ##$$a0010-061300000019523 =041 ##$$a Ind =082 ##$$a 651.3 =090 ##$$a 651.3, Pri k =100 ##$$a Priyonogo, Ambang =245 ##$$a Kiat sukses membuat proposal, dilengkapi dengan alamt-alamat lembaga donor, Ambang Priyongga, Achmad Fanani =260 ##$$a 2005 $b Yogyakarta =300 ##$$a 220 hlm, 20 cm =650 ##$$a Manajemen Kantor, Proposal =700 ##$$a Fanani, Ahkmas =850 ##$$a NBPNMAT =990 ##$$a 0001/BPAP-NTB/20142014